Кашни ҫын пуҫне аш-какай, ҫу тата сӗт туса илес тӗлӗшпе ҫывӑх ҫулсенчех Америкӑри Пӗрлешӳллӗ Штатсене хуса ҫитмелле (Запись № 13297373)
[ простой вид ]
| 000 -МАРКЕР | |
|---|---|
| контрольное поле | 01362nam0a2200241 4500 |
| 001 - ИДЕНТИФИКАТОР ЗАПИСИ | |
| контрольное поле | RU\NLR\BIBL_A\012110625 |
| 005 - ИДЕНТИФИКАТОР ВЕРСИИ | |
| контрольное поле | 20260406131734.0 |
| 035 ## - ДРУГИЕ СИСТЕМНЫЕ НОМЕРА | |
| Идентификатор записи | (NLR Aleph) 012110625 |
| 100 ## - ДАННЫЕ ОБЩЕЙ ОБРАБОТКИ | |
| Данные общей обработки | 20191003d1957 |||y0rusy50 ca |
| 101 0# - ЯЗЫК РЕСУРСА | |
| Язык текста, звукозаписи и т.д. | чувашский |
| 102 ## - СТРАНА ПУБЛИКАЦИИ ИЛИ ПРОИЗВОДСТВА | |
| Страна публикации | Российская Федерация |
| 105 ## - ПОЛЕ КОДИРОВАННЫХ ДАННЫХ: ТЕКСТОВЫЕ МАТЕРИАЛЫ, МОНОГРАФИЧЕСКИЕ | |
| Кодированные данные о монографическом текстовом документе | y z 000 y |
| 200 1# - ЗАГЛАВИЕ И СВЕДЕНИЯ ОБ ОТВЕТСТВЕННОСТИ | |
| Основное заглавие | Кашни ҫын пуҫне аш-какай, ҫу тата сӗт туса илес тӗлӗшпе ҫывӑх ҫулсенчех Америкӑри Пӗрлешӳллӗ Штатсене хуса ҫитмелле |
| Сведения, относящиеся к заглавию | РСФСР-ӑн Ҫурҫӗр Хӗвеланӑҫ пайӗнчи обл. автономиллӗ респ. ялхуҫалӑх работникӗсен Ленинград хулинче пулнӑ канашлӑвӗнче каланӑ сӑмах |
| Первые сведения об ответственности | Н. С. Хрущев |
| 210 ## - ПУБЛИКАЦИЯ, РАСПРОСТРАНЕНИЕ И ДР. | |
| Место издания, распространения и т.д. | Шупашкар |
| Имя издателя, распространителя и т. д. | Чӑваш АССР Гос. ид-ви |
| Дата издания, распространения и т.д. | 1957 |
| 215 ## - ФИЗИЧЕСКАЯ ХАРАКТЕРИСТИКА | |
| Специфическое обозначение материала и объем | 35, [1] с. |
| Размеры | 21 |
| 541 1# - ПЕРЕВОД ЗАГЛАВИЯ, СДЕЛАННЫЙ КАТАЛОГИЗАТОРОМ | |
| Заглавие | В ближайшие годы догнать Соединенные Штаты Америки по производству мяса, масла и молока на душу населения |
| Язык заглавия | русский |
| 686 1# - ИНДЕКСЫ ДРУГИХ КЛАССИФИКАЦИЙ | |
| Индекс | У9(2)32 |
| 700 #1 - ИМЯ ЛИЦА - ПЕРВИЧНАЯ ОТВЕТСТВЕННОСТЬ | |
| Код отношения | Автор |
| Графика поля | Кириллица |
| Материалы, к которым относится поле | rus |
| Начальный элемент ввода | Хрущев |
| Часть имени, кроме начального элемента ввода | Н. С. |
| Даты | 1894-1971 |
| Расширение инициалов личного имени | Никита Сергеевич |
| Системный номер авторитетной/нормативной записи | 111620 |
| Идентификатор авторитетной/нормативной записи | RU\NLR\AUTH\771599 |
| 852 ## - МЕСТОНАХОЖДЕНИЕ И ШИФР ХРАНЕНИЯ | |
| Идентификатор организации | NLR |
| Наименование фонда или коллекции (Sub-Location Identifier) | ОНЛ |
| Шифр хранения (Call Number) | Чув./2-1611 |
| 942 ## - ДОПОЛНИТЕЛЬНЫЕ ЭЛЕМЕНТЫ ЗАПИСИ (АБИС) | |
| Тип экземпляра АБИС | Книга |
| 980 ## - КОЛЛЕКЦИЯ | |
| Название коллекции | Национальная библиография |
| Тип экземпляра | Дата поступления | Библиотека постоянного хранения | Библиотека текущего хранения | Место хранения | Шифр хранения | Штрих-код | Статус экземпляра |
|---|---|---|---|---|---|---|---|
| Книга | 03.10.2019 | РНБ (Московский) | РНБ (Московский) | Фонд национальных литератур | ОНЛ Чув./2-1611 | 1-2409028 |